| 000 | 01093nam1a2200289 i 4500 | ||
|---|---|---|---|
| 001 | RU\NLR\bibl\522973 | ||
| 005 | 20240725200410.0 | ||
| 035 | _a(NLR Aleph) 000515367 | ||
| 090 |
_a1259327 _c1259327 |
||
| 100 | _a20040524g20049999d y0rusy50 ca | ||
| 101 | 0 | _arus | |
| 102 | _aRU | ||
| 105 | _a||||z ||||| | ||
| 200 | 1 |
_aВеликолепная шестерка, или Полосатое лето _eПоветь для подростков, их родителей, а также всех тех, кто уже научился или еще не разучился читать _fВ. Еремин, Д. Венская _g[Ил. Н. Богуславской] |
|
| 210 |
_aМ. _cОНИКС 21 в. _d2004 |
||
| 215 | _d21 | ||
| 463 | 0 | _1001518722 | |
| 517 | 0 | _aПолосатое лето | |
| 686 | _aШ9(2)62=Р7-4 | ||
| 700 | 1 |
_aЕремин _bВ. _gВладимир _4070 |
|
| 701 | 1 |
_aВенская _bД. _gДуня _4070 |
|
| 801 | 0 |
_aRU _bNLR _c20040524 _gPSBO |
|
| 801 | 1 |
_aRU _bNLR _c20040524 |
|
| 852 |
_aNLR _j2004-3/9942 |
||
| 942 | _cBOOK | ||